000 00448nam a2200193Ia 4500
008 240509s9999 xx 000 0 und d
020 _a9788126523108
041 _aEng
082 _a006.693
082 _bM86
100 _aMURDOCK, Kelllly L,
245 0 _a3ds Max 2010 Bible (with DVD)
260 _bNew Delhi : Wiley India Pvt.
260 _c2009
300 _a1248 p.
650 _a3D: Multimedia
942 _2ddc
942 _cRBK
999 _c23239
_d23239
945 _a1
_bMadushi Gamage
_c1
_dMadushi Gamage